Αιγαίου κύματα : έργα του Πρωτοκυκλαδικού πολιτισμού στο Μουσείο Κυκλαδικής Τέχνης της Αθήνας
Αποθηκεύτηκε σε:
| Κύριος συγγραφέας: | |
|---|---|
| Συλλογικό Έργο: | , |
| Άλλοι συγγραφείς: | |
| Μορφή: | Βιβλίο |
| Γλώσσα: | Greek |
| Δημοσίευση: |
[Μιλάνο] :
Skira,
[2007]
|
| Θέματα: | |
| Ετικέτες: |
Προσθήκη ετικέτας
Δεν υπάρχουν, Καταχωρήστε ετικέτα πρώτοι!
|
MARC
| LEADER | 00000cam a2200000 i 4500 | ||
|---|---|---|---|
| 001 | 1/73284 | ||
| 008 | 080204s2007 gre d | ||
| 020 | |a 978-960-7064-71-4 | ||
| 035 | |l 10094357 | ||
| 040 | |a GR-MY-UA |b gre |e aacr | ||
| 041 | 0 | |a gre | |
| 082 | 0 | |a 708.949585 |2 (22) | |
| 100 | 1 | |a Σταμπολίδης, Νικόλαος Χρ. | |
| 245 | 1 | 0 | |a Αιγαίου κύματα : |b έργα του Πρωτοκυκλαδικού πολιτισμού στο Μουσείο Κυκλαδικής Τέχνης της Αθήνας / |c Νικόλαος Χρ. Σταμπολίδης, Πέγκυ Σωτηρακοπούλου ; Ίδρυμα Νικολάου Π. Γουλανδρή ; Μουσείο Κυκλαδικής Τέχνης |
| 260 | |a [Μιλάνο] : |b Skira, |c [2007] | ||
| 300 | |a 212 σ.; |b φωτ., σχέδ., χάρτης; |c 28 εκ. | ||
| 504 | |a Βιβλιογραφία: σ. 211-212 | ||
| 650 | 0 | 0 | |a Art museums |z Greece. |
| 650 | 0 | 0 | |a Civilization, Aegean. |
| 650 | 0 | 0 | |a Art, Cycladic. |
| 651 | 0 | |a Cyclades (Greece) |x Civilization. | |
| 700 | 1 | |a Σωτηρακοπούλου, Παναγιώτα Ι. | |
| 710 | 2 | |a Μουσείο Κυκλαδικής Τέχνης. | |
| 710 | 2 | |a Ίδρυμα Ν. Π. Γουλανδρή. | |
| 852 | |a INST |b RHODES |e 20080204 |h 708.949585 ΣΤΑ |p 005400030081 |q 005400030081 |t BK |y 0 | ||
| 901 | |a BIBL4-2008-1 | ||
| 909 | |a Ρ |b 128334 | ||
| 970 | |a ΧΑΡΙΟΠΟΛΙΤΟΥ |b ΚΩΝΣΤΑΝΤΙΝΑ |z 2008/02/04 | ||